El Caribe contemporáneo / Centro de Estudios Latinoamericanos. Universidad Nacional Autónoma de México
Guardado en:
| Institution som forfatter: | |
|---|---|
| Format: | Bog |
| Sprog: | Spanish |
| Udgivet: |
México D.F:
CELA
|
| Fag: | |
| Tags: |
Tilføj Tag
Ingen Tags, Vær først til at tagge denne postø!
|
MARC
| LEADER | 00000nam a22000007a 4500 | ||
|---|---|---|---|
| 003 | cru CRAI/IIS | ||
| 005 | 20221121083754.0 | ||
| 008 | 210512b |||||||| |||| 00| 0 spa d | ||
| 040 | |c cru CRAI/IIS | ||
| 090 | |a RE 0144 | ||
| 110 | 1 | |a Universidad Nacional Autónoma de México. |b Centro de Estudios Latinoamericanos |9 9970 | |
| 245 | |a El Caribe contemporáneo / |b Centro de Estudios Latinoamericanos. Universidad Nacional Autónoma de México | ||
| 260 | |a México D.F: |b CELA | ||
| 500 | |||
| 650 | 0 | |9 2142 |a DESARROLLO ECONOMICO | |
| 650 | 0 | |9 2023 |a POLITICA AGRARIA | |
| 650 | 0 | |9 299 |a MIGRACION | |
| 650 | 4 | |9 1921 |a INTERVENCION EXTRANJERA | |
| 651 | 0 | |9 17 |a AMERICA LATINA | |
| 651 | 0 | |9 245 |a ESTADOS UNIDOS | |
| 942 | |2 ddc |c RE | ||
| 999 | |c 44647 |d 44647 | ||
